Responses for show #7604 - Thursday, October 5, 2017

Austin Rogers game 8.

Contestants

Cathy Subick, an architectural conservator from Spring City, Pennsylvania

Todd McCafferty, a compliance manager from Brooklyn, New York

Austin Rogers, a bartender from New York, New York (whose 7-day cash winnings total $278,300)

Jeopardy! Round responses

ARTS & SCIENCES
SPORTS STUFF
CROSSWORD CLUES "O"
IT'S A BIRD
IT'S A PLANE
IT'S LIEBERMAN!
    $200 11
silicon

Todd
    $200 16
an intentional walk

Todd
    $200 5
oaf

Austin
    $200 21
gull

Austin
    $200 1
World War I

Cathy
    $200 26
(Austin: He ran with Al Gore. What's his last name? I forgot.)
(Alex: His last name is Lieberman.)
(Austin: Oh, yeah.)
(Alex: We need the first name.)

Joe Lieberman

AustinCathy
    $400 12
Martha Graham

Cathy
    $400 17
a down

Austin
    $400 7
obelisk

Todd
    $400 22
the falcon

Cathy
    $400 2
(Cathy: Oh....what is a biplane?)

a hang glider

AustinCathy
    $400 27
long-distance running

Austin
    $600 13
the Elgin Marbles

Cathy
    $600 18
a triple double

Austin
    $600 8
opaque

Cathy
    $600 23
(Austin: What is a crane?)
...
(Alex: With less than a minute to go now.)

a petrel

Austin
Triple Stumper
    $600 3
(Austin: What is a cicada?)

the junebug

Austin
Triple Stumper
    $600 28
[The end-of-round signal sounds.]

Israel

Austin
    $800 14
Impression, Sunrise

Triple Stumper
    $2,000 19
(Austin: What is a hole in one?)

a bogey

Austin
    $800 9
obstinate

Todd
    $800 24
a harpy

Austin
    $800 4
a vertical take-off landing

Todd
    $1000 15
cloning

Todd
    $1000 20
a wooden racket

Austin
    $1000 10
obdurate

Todd
    $1000 25
the California condor

Austin
    $1000 6
the (Piper) Cub

Austin

Scores at the first commercial break (after clue 15):

Austin Todd Cathy
$1,000 $4,200 $1,400

Scores at the end of the Jeopardy! Round:

Austin Todd Cathy
$3,200 $4,400 $2,000

Double Jeopardy! Round responses

BOOKS' FIRST LINES
DESIGNER INITIALS
THE AMERICAN REVOLUTION
10-LETTER WORDS
ROCK & POP QUARTETS
MAPS "R" US
    $400 21
Alice in Wonderland

Cathy
    $400 1
Ralph Lauren

Austin
    $400 9
the Battle of Breed's or Bunker Hill

Austin
    $400 22
laundromat

Austin
    $400 12
ABBA

Cathy
    $400 3
(Cathy: What is the Arabian Sea?)

the Red Sea

AustinCathy
    $800 17
Fahrenheit 451

Austin
    $800 2
Vera Wang

Todd
    $800 10
Savannah

Cathy
    $800 26
dreadlocks

Cathy
    $800 13
Led Zeppelin

Cathy
    $800 5
(Austin: What is the Piedmont?)

the Riviera

AustinCathy
    $5,000 18
All the President's Men

Austin
    $1200 4
Tom Ford

Todd
    $2,000 11
(Cathy: Ooh...who is Patrick Henry?)

Paul Revere

Cathy
    $1200 27
paraphrase

Cathy
    $1200 14
5 Seconds of Summer

Cathy
    $1200 8
the redwood

Austin
    $1600 23
Jane Eyre

Triple Stumper
    $1600 6
Valentino

Cathy
    $1600 19
Nathan Hale

Austin
    $1600 28
scallopini

Cathy
    $1600 15
The Clash

Todd
    $1600 16
Rabat

Todd
    $2000 24
Zen and the Art of Motorcycle Maintenance

Austin
    $2000 7
Bob Mackie

Cathy
    $2000 20
South Carolina

Austin
    $2000 29
blackwater

Austin
    $2000 30
Slayer

Austin
    $2000 25
Recife

Todd

Scores at the end of the Double Jeopardy! Round:

Austin Todd Cathy
$20,600 $11,600 $11,200

[wagering suggestions for these scores]

Final Jeopardy! Round responses

ACTORS & THEIR MOVIE ROLES
(Alex: The first nomination goes way back to the '40s.)
...
(Alex: [To Austin] Henry V, Hamlet, Richard III and Othello were the roles.)
CathyWho is Anthony Hopkins?
$5,500
ToddWho is Kenneth Braunaugh
$11,600
AustinWho was Laurence Olivier?
$8,000
Laurence Olivier

Final scores:

Austin Todd Cathy
$28,600 $0 $5,700
8-day champion: $306,900 3rd place: $1,000 2nd place: $2,000

Game dynamics:

Coryat scores:

Austin Todd Cathy
$18,800 $11,600 $13,200
23 R
(including 1 DD),
5 W
(including 1 DD)
12 R,
0 W
17 R,
3 W
(including 1 DD)

Combined Coryat: $43,600

The J! Archive is created by fans, for fans. The Jeopardy! game show and all elements thereof, including but not limited to copyright and trademark thereto, are the property of Jeopardy Productions, Inc. and are protected under law. This website is not affiliated with, sponsored by, or operated by Jeopardy Productions, Inc. Join the discussion at JBoard.tv.